Assisting African livestock keepers : the experience of four projects /

Bibliographic Details
Other Authors: Oxby, Clare
Format: Book
Language:English
Published: London : Overseas Development Institute, [1991]
Series:Occasional paper (Overseas Development Institute (London, England). Agricultural Administration Unit) ; 12.
Subjects:

MARC

Tag First Indicator Second Indicator Subfields
LEADER 00000cam a2200000 a 4500
001 in00001025321
005 20150928121242.0
008 930209s1991 enkb b 000 0 eng d
020 |a 0850031435 
035 |a (OCoLC)27405409 
035 |9 AFF9526AM 
040 |a CUV  |c CUV  |d TXA  |d UtOrBLW 
043 |a f------ 
049 |a TXAM 
090 |a S494.5.A47  |b A88 1991 
245 0 0 |a Assisting African livestock keepers :  |b the experience of four projects /  |c edited by Clare Oxby. 
264 1 |a London :  |b Overseas Development Institute,  |c [1991] 
264 4 |c ©1991 
300 |a 61 pages :  |b map ;  |c 21 cm. 
336 |a text  |b txt  |2 rdacontent 
337 |a unmediated  |b n  |2 rdamedia 
338 |a volume  |b nc  |2 rdacarrier 
490 1 |a Occasional paper ;  |v 12 
504 |a Includes bibliographical references. 
500 |a "Agricultural Administration Unit" 
650 0 |a Agropastoral systems  |z Africa. 
650 0 |a Agricultural assistance  |z Africa. 
650 0 |a Livestock  |z Africa. 
650 0 |a Herders  |z Africa. 
700 1 |a Oxby, Clare. 
830 0 |a Occasional paper (Overseas Development Institute (London, England). Agricultural Administration Unit) ;  |v 12. 
999 |a MARS 
999 f f |s 7e082761-80c4-36b2-8536-a6ff445c4223  |i 292dc9a9-b351-324c-953b-9e0b7d8bba2f  |t 0 
952 f f |p ric  |a Texas A&M University  |b Rellis Campus  |c Joint Library Facility  |d Remote Storage  |t 0  |e S494.5.A47 A88 1991  |h Library of Congress classification  |i unmediated -- volume  |m A14816865229 
998 f f |a S494.5.A47 A88 1991  |t 0  |l Remote Storage